000 00628cam a2200145 4500500
005 20260322013735.0
041 _afre
042 _adc
100 1 0 _aGirard, Aurélien
_eauthor
245 0 0 _aBernard Heyberger (éd.), Orientalisme, science et controverse : Abraham Ecchellensis (1605-1664), Turnhout, Brepols, 2010, 240 p., ISBN 978-2-503-53567-8
260 _c2013.
500 _a11
786 0 _nRevue d’histoire moderne & contemporaine | 60-1 | 1 | 2013-04-01 | p. 204-206 | 0048-8003
856 4 1 _uhttps://shs.cairn.info/revue-d-histoire-moderne-et-contemporaine-2013-1-page-204?lang=fr&redirect-ssocas=7080
999 _c1783188
_d1783188